Peranan guru besar dalam melaksanakan program perkembangan staf di sekolah rendah di Daerah Kuantan /
Saved in:
| 主要作者: | |
|---|---|
| 格式: | Thesis 圖書 |
| 語言: | Malay |
| 出版: |
2004.
|
| 主題: | |
| 標簽: |
添加標簽
沒有標簽, 成為第一個標記此記錄!
|
| LEADER | 01178cam a2200277 i 4500 | ||
|---|---|---|---|
| 001 | u1122173 | ||
| 003 | SIRSI | ||
| 005 | 201909101347 | ||
| 008 | 190910s2004 my a m 000 0 may | ||
| 040 | |a UMD |e rda | ||
| 090 | |a LB7 |b A7 UM 2004 Bora | ||
| 100 | 0 | |a Borhanuddin Hj Aziz., |e author. | |
| 245 | 1 | 0 | |a Peranan guru besar dalam melaksanakan program perkembangan staf di sekolah rendah di Daerah Kuantan / |c Borhanuddin bin Hj Aziz. |
| 264 | 1 | |c 2004. | |
| 300 | |a xiv, 128 leaves : |b illustrations ; |c 30 cm | ||
| 336 | |a text |2 rdacontent | ||
| 337 | |a unmediated |2 rdamedia | ||
| 338 | |a volume |2 rdacarrier | ||
| 502 | |b M.Ed.P.A. |c Jabatan Pengurusan, Perancangan dan Dasar Pendidikan, Fakulti Pendidikan, Universiti Malaya |d 2004. | ||
| 504 | |a Bibliography: leaves 126-128. | ||
| 650 | 0 | |a School principals |z Malaysia |x Decision making. | |
| 650 | 0 | |a School management and organization |z Malaysia |x Decision making | |
| 710 | 2 | |a Universiti Malaya. |b Jabatan Pengurusan, Perancangan dan Dasar Pendidikan. |e degree granting institution. | |
| 900 | |a ND | ||
| 596 | |a 8 | ||
| 999 | |a LB7 A7 UM 2004 BORA |w LC |c 1 |i A517312385 |f 30/9/2022 |g 1 |l STACKS |m P08PENDIDI |r Y |s Y |t TESIS |u 30/9/2022 |0 EDU |1 AHSS | ||
